| 000 | 00807nam a2200229Ia 4500 | ||
|---|---|---|---|
| 003 | GCL | ||
| 005 | 20240530110107.0 | ||
| 008 | 140319s9999 xx 000 0 ara d | ||
| 040 |
_aGCL / _cGCL |
||
| 082 | 0 | 4 |
_a922.3 _bح ذ |
| 100 | 1 | _aالحسينى، ابوالمحاسن محمد الدمشقى | |
| 245 | 1 | 0 |
_aيلغى / _cالحسينى، ابوالمحاسن محمد الدمشقى |
| 260 |
_a[S.N] : _bالقدسى |
||
| 300 | _a453 ص | ||
| 650 | 0 | 4 | _aالاسلام |
| 650 | 0 | 4 | _aالتراجم |
| 650 | 0 | 4 | _aالديانات |
| 650 | 0 | 4 | _aعلماء الاسلام |
| 700 | 1 | _aالمكى , تقى الدين محمد بن فهد | |
| 700 | 1 | _aالسيوطى : جلال الدين ابوالفضل عبدالرحمن بن ابى بكر بن محمد الخضيرى | |
| 942 |
_2ddc _cBK |
||
| 999 |
_c58484 _d58484 |
||